000 00389pab a2200145 454500
008 180718b1995 xxu||||| |||| 00| 0 eng d
100 _aDantwala, M.L.
245 _aGandhiji and Ruskin's Unto This Last
260 _c1995
300 _ap.2793-795
362 _a4 Nov
650 _aGandhi, M.K. - Criticism and interpretation
773 _aEconomic and Political Weekly
909 _a29792
999 _c29792
_d29792